Visualizzazione normale
Vista MARC
- Commissione intercongregazionale della Famiglia Paolina
di Personal Name
Records bibliografici associati: 1
001 - CONTROL NUMBER
- control field: 699
003 - CONTROL NUMBER IDENTIFIER
- control field: IT-RoPau
005 - DATE AND TIME OF LATEST TRANSACTION
- control field: 20130617102209.0
008 - FIXED-LENGTH DATA ELEMENTS
- fixed length control field: 130617|| aca||aabn | a|a d
040 ## - CATALOGING SOURCE
- Original cataloging agency: IT-RoPau
- Transcribing agency: IT-RoPau
100 ## - HEADING--PERSONAL NAME
- Personal name: Commissione intercongregazionale della Famiglia Paolina
670 ## - SOURCE DATA FOUND
- Source citation: Work cat.: (IT-RoPau): Commissione intercongregazionale della Famiglia Paolina, A cent'anni dalla notte profetica-carismatica di Don Giacomo Alberione., 2000